000 00279nam a22001337a 4500
008 180928b xxu||||| |||| 00| 0 eng d
020 _a9780471310556
041 _aeng
080 _a510
100 _a37
101 _aMAT
245 _aClculus
_cHallett, D.H
942 _2udc
_cBK
999 _c48650
_d48650